000 01017nam a2200253Ia 4500
003 OSt
005 20221005112556.0
006 a|||||r|||| 00| 0
007 ta
008 221004b |||||||| |||| 00| 0 pan d
020 _a9789389198072 (hbk)
_cINR 495.00
024 _a68701
037 _bSP/5334, 28/01/2020, Star Publications Pvt. Ltd.
_cTextual
040 _aCRL
_cCRL
_bpan
041 _2pan
_apan
082 _aY5927, 153Q9
100 _aਗਿਡਲਾ, ਸੁਜਾਥਾ, ਂਚ.
245 0 _aਜੀਵੀਏ ਹੱਕ ਲਈ
_b ਇਕ ਅਛੂਤ ਪਰਿਵਾਰ ਅਤੇ ਆਧੁਨਿਕ ਭਾਰਤ ਦਾ ਨਿਰਮਾਣ
260 _aਚੰਡੀਗੜ੍ਹ
_bਯੂਨੀਸਟਾਰ ਭਾਰਤ
_c2019
300 _a349ਪ੍ਰ0
_ccm.
650 _aਸਮਾਜ ਸੁਧਾਰਕ
_9156353
942 _hY5927, 153Q9
_cTEXL
_2cc
999 _c1025301
_d1025301